<?xml version="1.0" encoding="UTF-8"?>
<record
    xmlns:xsi="http://www.w3.org/2001/XMLSchema-instance"
    xsi:schemaLocation="http://www.loc.gov/MARC21/slim http://www.loc.gov/standards/marcxml/schema/MARC21slim.xsd"
    xmlns="http://www.loc.gov/MARC21/slim">

  <leader>01284nam a2200205 a 4500</leader>
  <controlfield tag="001">BRCA_8895</controlfield>
  <controlfield tag="005">20190320210441.0</controlfield>
  <controlfield tag="008">160617s1753----mx-#######---#000-0#lat-#</controlfield>
  <datafield tag="041" ind1=" " ind2=" ">
    <subfield code="a">lat</subfield>
  </datafield>
  <datafield tag="044" ind1=" " ind2=" ">
    <subfield code="a">mx</subfield>
  </datafield>
  <datafield tag="084" ind1=" " ind2=" ">
    <subfield code="a">CO56</subfield>
    <subfield code="b">.P36 1753</subfield>
  </datafield>
  <datafield tag="100" ind1="1" ind2=" ">
    <subfield code="a">Pantaleonis Alvares de Abreu, Dominici</subfield>
    <subfield code="9">22135</subfield>
  </datafield>
  <datafield tag="245" ind1="1" ind2="0">
    <subfield code="a">Officia propia sanctorum angelopolitanae ecclesiae et dioecesis a sancta sede apostolica concessa</subfield>
    <subfield code="b">et ad illam pro aliis Ecclesiis aprobata, &#xE0; Sac. Rit. Cong Extensa: ubi toti Hispaniae, ac Archiepiscopatul Mexicano Benigne indulta, &amp; plura de praecepto uniersali Ecclesiae ab anno Domini M.DCC. usque ad M.DCC.LIII. obligantia, pro recitantium commoditate; in hoc libello accurat&#xE8; collecta traduntur</subfield>
    <subfield code="c">illustrissimi, ac Reverendissimi Domini Doct. D. Domonici Pantaleonis Alvarez de Abreu; in principio ponitus Kalendarium proprium Almae Ecclesiae &amp; in fine Suffagia Sanctorum.</subfield>
  </datafield>
  <datafield tag="260" ind1=" " ind2=" ">
    <subfield code="a">Mexici</subfield>
    <subfield code="b">Ex sacrorum librorum typograhpia D. Mariae de Rivera</subfield>
    <subfield code="c">1753</subfield>
  </datafield>
  <datafield tag="300" ind1=" " ind2=" ">
    <subfield code="a">CXXVIII, 148 p.</subfield>
    <subfield code="c">20.6 x 16 cm</subfield>
  </datafield>
  <datafield tag="500" ind1=" " ind2=" ">
    <subfield code="a">Estado f&#xED;sico: presenta encuadernaci&#xF3;n en pergamino, con portada deteriorada, carece de cinta y presencia del pez de plata en canto de frente</subfield>
  </datafield>
  <datafield tag="650" ind1="1" ind2="4">
    <subfield code="a">Iglesia cat&#xF3;lica</subfield>
    <subfield code="y">Obras anteriores a 1800</subfield>
    <subfield code="9">22136</subfield>
  </datafield>
  <datafield tag="902" ind1=" " ind2=" ">
    <subfield code="a">CFM</subfield>
  </datafield>
  <datafield tag="942" ind1=" " ind2=" ">
    <subfield code="2">lcc</subfield>
    <subfield code="c">B</subfield>
  </datafield>
  <datafield tag="999" ind1=" " ind2=" ">
    <subfield code="c">8546</subfield>
    <subfield code="d">8546</subfield>
  </datafield>
  <datafield tag="952" ind1=" " ind2=" ">
    <subfield code="0">0</subfield>
    <subfield code="1">0</subfield>
    <subfield code="4">0</subfield>
    <subfield code="7">0</subfield>
    <subfield code="a">BRCA</subfield>
    <subfield code="b">BRCA</subfield>
    <subfield code="d">2017-06-16</subfield>
    <subfield code="l">0</subfield>
    <subfield code="o">CO56 .P36 1753</subfield>
    <subfield code="p">CFM00218</subfield>
    <subfield code="r">2019-03-22 00:00:00</subfield>
    <subfield code="w">2019-03-22</subfield>
    <subfield code="y">B</subfield>
  </datafield>
</record>
